[Event "FRA-chT U20"]
[Site "Mulhouse"]
[Date "2005.12.19"]
[Round "5"]
[White "Ketani, Yanis"]
[Black "Lefebvre, Valentin"]
[Result "1-0"]
[WhiteElo "1440"]
[BlackElo "1120"]
[PlyCount "33"]
[EventDate "2005.12.??"]
[EventType "team"]
[EventRounds "11"]
[EventCountry "FRA"]
[SourceTitle "EXT 2007"]
[Source "ChessBase"]
[SourceDate "2006.11.23"]
[SourceVersion "1"]
[SourceVersionDate "2006.11.23"]
[SourceQuality "1"]
[WhiteTeam "Vandoeuvre"]
[BlackTeam "Gonfreville"]
[WhiteTeamCountry "FRA"]
[BlackTeamCountry "FRA"]

1. e4 c5 2. Nc3 Nc6 3. f4 g6 4. Nf3 Bg7 5. Bc4 Nf6 6. d3 0-0 7. 0-0 d6 8. Qe1 Be6 9. Qh4 Bxc4 10. dxc4 Qa5 11. f5 gxf5 12. Bh6 Bxh6 13. Qxh6 Rad8 14. Ng5 Nd4 15. Nd5 Nxc2 16. Nxf6+ exf6 17. Qxh7# 1-0

[Event "FRA-chT U20"]
[Site "Mulhouse"]
[Date "2005.12.18"]
[Round "?"]
[White "Moncomble, Jeremy"]
[Black "Lefebvre, Valentin"]
[Result "1-0"]
[WhiteElo "1120"]
[BlackElo "1280"]
[PlyCount "61"]
[EventDate "2005.12.??"]
[EventType "team"]
[EventRounds "11"]
[EventCountry "FRA"]
[SourceTitle "EXT 2007"]
[Source "ChessBase"]
[SourceDate "2006.11.23"]
[SourceVersion "1"]
[SourceVersionDate "2006.11.23"]
[SourceQuality "1"]
[WhiteTeam "Bischwiller"]
[BlackTeam "Gonfreville"]
[WhiteTeamCountry "FRA"]
[BlackTeamCountry "FRA"]

1. e4 c5 2. Nf3 Nc6 3. d4 cxd4 4. Nxd4 g6 5. c4 Bg7 6. Be3 Nf6 7. Nc3 0-0 8. Be2 d6 9. 0-0 Be6 10. Kh1 Qd7 11. h3 Ne5 12. b3 Rac8 13. f4 Nc6 14. f5 gxf5 15. exf5 Bxf5 16. Nxf5 Nb4 17. Nxg7 Kxg7 18. Qd2 Qe6 19. Bh6+ Kh8 20. Bxf8 Rxf8 21. a3 Qd7 22. axb4 b6 23. Nd5 Qb7 24. Nxf6 exf6 25. Qxd6 Rg8 26. Qxf6+ Rg7 27. Bf3 Qd7 28. Rad1 Qe7 29. Qxe7 Rg8 30. Qf6+ Rg7 31. Rd8# 1-0

[Event "FRA-chT U20 0506"]
[Site "France"]
[Date "2005.11.12"]
[Round "1.9"]
[White "Lefebvre, Valentin"]
[Black "Savalle, Mathilde"]
[Result "0-1"]
[WhiteElo "1120"]
[BlackElo "1380"]
[PlyCount "62"]
[EventDate "2005.11.12"]
[EventType "team"]
[EventRounds "3"]
[EventCountry "FRA"]
[SourceTitle "CBM 109 Extra"]
[Source "ChessBase"]
[SourceDate "2006.01.03"]
[SourceVersion "2"]
[SourceVersionDate "2006.01.03"]
[SourceQuality "1"]

1. e4 e5 2. Nf3 Nc6 3. Nc3 Nf6 4. d4 exd4 5. Nxd4 Bc5 6. Be3 Nxd4 7. Bxd4 Qe7 8. f3 0-0 9. Qd2 d5 10. e5 Nd7 11. Nxd5 Qh4+ 12. g3 Qxd4 13. Qxd4 Bxd4 14. Ne7+ Kh8 15. Rd1 Bxe5 16. Bb5 Nb6 17. 0-0 c6 18. Rde1 Bd4+ 19. Kh1 cxb5 20. Re4 Bf6 21. Re3 Bd7 22. Rd3 Bxe7 23. Re1 Rfe8 24. Red1 Rad8 25. Rb3 Be6 26. Rxd8 Rxd8 27. Rxb5 Bd5 28. Ra5 Bxf3+ 29. Kg1 Rd2 30. Rxa7 Bc5+ 31. Kf1 Rd1# 0-1